000 00506nam a2200169 i 4500
001 47384
003 ES-MaACL
005 20250620063015.0
007 t|
008 030407s1957 sp ||||1| spa d
100 1 _aCorbera Fradera, Carolina,
_d1926-1979
_940459
245 1 0 _aRomanza oriental
_b: novela /
_cCarolina Corbera Fradera.
260 _aMadrid :
_bLincor,
_c1957 (
_fUguina)
300 _a405 p., 1 lám. ;
_c16 cm.
852 _aES-MaACL
_jC-14313
_bR.41654
999 _c47384
_d47384